KOHA-Header-6

Networking Personal Computers with TCP IP a Guide for Network Adminintrators (Record no. 6501)

000 -LEADER
fixed length control field 00309nam a2200109Ia 4500
100 ## - MAIN ENTRY--AUTHOR NAME
Personal name Craig Hunt
245 #0 - TITLE STATEMENT
Title Networking Personal Computers with TCP IP a Guide for Network Adminintrators
260 ## - PUBLICATION, DISTRIBUTION, ETC. (IMPRINT)
Place of publication New York
Name of publisher O'Reilly
Year of publication 1995
300 ## - PHYSICAL DESCRIPTION
Number of Pages 383
942 ## - ADDED ENTRY ELEMENTS (KOHA)
Koha item type Books
Holdings
Withdrawn status Lost status Collection code Permanent Location Current Location Shelving location Date acquired Full call number Accession Number Koha item type
    Computer Networking MAJU MAJU   2019-09-07 954.9 119 Computer Networking

Powered by Koha